লোডিং...

K Madhavan Nair /

গ্রন্থ-পঞ্জীর বিবরন
প্রধান লেখক: Madhavan Nair, K
বিন্যাস: Printed Book
প্রকাশিত: Calicut : Mathrubhumi M M press, 1987.
বিষয়গুলি:
LEADER 00435nam a22001217a 4500
082 |a 320.092  |b MAD.K 
100 |a Madhavan Nair, K 
245 |a K Madhavan Nair /  |c by C K Moosad 
260 |a Calicut :  |b Mathrubhumi M M press,  |c 1987. 
650 |a Biography - C K Moosad 
942 |c BK 
999 |c 315471  |d 315471 
952 |0 0  |1 0  |4 0  |6 320_092000000000000_MAD_K  |7 0  |8 MAL  |9 337399  |a POL  |b POL  |c GEN  |d 2020-12-01  |l 0  |o 320.092 MAD.K  |p POL20558  |r 2020-12-01  |w 2020-12-01  |y BK